Mind in Motion How Action Shapes Thought

Saved in:
Bibliographic Details
Main Author: Tversky, Barbara
Format: Book
Language:English
Published: New York Basic Books 2019
Subjects:
Tags: Add Tag
No Tags, Be the first to tag this record!

MARC

LEADER 00000nam a2200000 4500
001 0259601
005 20240221113007.5
020 |a 9780465093069 
020 |a 978-0-465-09306-9 
020 |a 978-0-465-09307-6 
041 0 |a eng 
044 |a US 
245 1 0 |a Mind in Motion  |b How Action Shapes Thought  |c Barbara Tversky 
264 1 |a New York  |b Basic Books  |c 2019 
300 |a 375 s. 
610 2 0 |a spoločnosť 
610 2 0 |a správanie 
610 2 0 |a myslenie ekonomické 
610 2 0 |a kreativita 
610 2 0 |a psychológia 
100 1 |a Tversky, Barbara